| 000 | 00362nam a22001577a 4500 | ||
|---|---|---|---|
| 003 | CEME | ||
| 005 | 20210628210323.0 | ||
| 008 | 210127b xxu||||| |||| 00| 0 eng d | ||
| 040 | _c. | ||
| 082 | _a355 BUR'F | ||
| 100 |
_aBurn, Elfard H _978970 |
||
| 245 | _aFun-a-sepe gari | ||
| 260 |
_aRAWALPINDI _bCENTRAL ARMY _c1963 |
||
| 300 | _a236P | ||
| 942 |
_cBK _2ddc |
||
| 999 |
_c584041 _d584041 |
||